Central Library OPAC University of Rajshahi

Nonprofit guide to going green / (Record no. 13497)

MARC details
000 -LEADER
fixed length control field 00983cam a2200313 a 4500
001 - CONTROL NUMBER
control field 13497
003 - CONTROL NUMBER IDENTIFIER
rucl marc code BD-RjUL
005 - DATE AND TIME OF LATEST TRANSACTION
control field 20211208235449.0
008 - FIXED-LENGTH DATA ELEMENTS--GENERAL INFORMATION
fixed length control field 1402 s2010 njuab b 001 0 eng
020 ## - INTERNATIONAL STANDARD BOOK NUMBER
International Standard Book Number 9780470529829 (cloth)
International Standard Book Number 0470529822 (cloth)
035 ## - SYSTEM CONTROL NUMBER
System control number (BD-RUCL)13548
040 ## - CATALOGING SOURCE
Original cataloging agency DLC
Transcribing agency BD-RUCL
Modifying agency BD-RUCL
-- DLC
Language of cataloging eng
041 ## - LANGUAGE CODE
Language code of text/sound track or separate title eng
082 00 - DEWEY DECIMAL CLASSIFICATION NUMBER
Classification number 658.4083
Edition number 22
Author mark and year HAN 2010
100 1# - MAIN ENTRY--PERSONAL NAME
Personal name Hart, Ted,
Dates associated with a name 1964-
9 (RLIN) 42103
245 10 - TITLE STATEMENT
Title Nonprofit guide to going green /
Statement of responsibility, etc. Ted Hart, Adrienne D. Capps, Matthew Bauer.
260 ## - PUBLICATION, DISTRIBUTION, ETC. (IMPRINT)
Place of publication, distribution, etc. Hoboken, N.J. :
Name of publisher, distributor, etc. Wiley,
Date of publication, distribution, etc. c2010.
300 ## - PHYSICAL DESCRIPTION
Pagination xxii, 425 p. :
Illustrations ill., maps ;
Size 26 cm.
504 ## - BIBLIOGRAPHY, ETC. NOTE
Bibliography, etc Includes bibliographical references and index.
650 #0 - SUBJECT ADDED ENTRY--TOPICAL TERM
Topical term or geographic name as entry element Green marketing.
9 (RLIN) 42104
Topical term or geographic name as entry element Nonprofit organizations.
9 (RLIN) 42105
Topical term or geographic name as entry element Fund raising.
9 (RLIN) 41972
700 1# - ADDED ENTRY--PERSONAL NAME
Personal name Capps, Adrienne D.
Personal name Bauer, Matthew,
Dates associated with a name 1966-
942 ## - ADDED ENTRY ELEMENTS (KOHA)
Source of classification or shelving scheme Dewey Decimal Classification
Koha item type Books
Holdings
Lost status Source of classification or shelving scheme Damaged status Not for loan Collection code Permanent Location Current Location Shelving location Date acquired Source of acquisition Cost, normal purchase price Total Checkouts Full call number Date last seen Copy number Koha item type
  Dewey Decimal Classification   Not For Loan Non-fiction Central Library, University of Rajshahi Central Library, University of Rajshahi Reading Room 01/10/2013 Asia Foundation 45.00   658.4083 HAN 2010 01/02/2014 C-1 Books
  Dewey Decimal Classification     Non-fiction Central Library, University of Rajshahi Central Library, University of Rajshahi   01/10/2013 Asia Foundation 45.00   658.4083 HAN 2010 01/02/2014 C-2 Books